Music Acts - O - Statistics

General Stats
  • This quiz has been taken 37 times
  • The average score is 6 of 15
Answer Stats
Hint Answer % Correct
Don't Look Back In Anger, Wonderwall, Supersonic Oasis
94%
Physical, Sam, If Not For You Olivia Newton-John
88%
Ms Jackson, Hey Ya, Roses Outkast
79%
Bark At The Moon, Changes, So Tired Ozzy Osbourne
61%
Good 4 U, Get Him Back, Drivers License Olivia Rodrigo
52%
Backstabbers, I Love Music, Love Train O'Jays
45%
Live While We're Young, Best Song Ever, Drag Me Down One Direction
39%
Hands Up (Give Me Your Heart), You're OK, D.I.S.C.O. Ottawan
36%
If You're Looking For A Way Out, Native New Yorker, Use It Up Wear it Out Odyssey
24%
RLove Me For A Reason, Crazy Horses, Let Me In Osmonds
24%
Joan Of Arc, Locomotion, Souvenir Orchestral Manoeuvres In The Dark
15%
The Riverboat Song, Traveller's Tune, The Day We Caught The Train Ocean Colour Scene
12%
Talk Talk Talk, Boys Will Be Boys, I Luv U Ordinary Boys
12%
Get Here, Never Knew Love, Rhythm Of Life Oleta Adams
9%
Oh My Goodness, Kiss Me, Please Don't Let Me Go Olly Murs
9%
No matching quizzes found
Score Distribution
Percent of People with Each Score
Percentile by Number Answered
Your Score History
You have not taken this quiz